Statistics for Most expensive football transfers - Brazilian players

Click here to take the quiz!

General Stats

  • This quiz has been taken 40 times
  • The average score is 10 of 11

Answer Stats

Fee (M €)SeasonLeftJoinedPlayer% Correct
2222017-2018BarcelonaParis SGNeymar
100%
902023-2024Paris SGAl-HilalNeymar
100%
882013-2014SantosBarcelonaNeymar
100%
702022-2023Real MadridManchester UnitedCasemiro
97%
952022-2023AjaxManchester UnitedAntony
95%
1352017-2018LiverpoolBarcelonaPhilippe Coutinho
95%
672009-2010AC MilanReal MadridKakà
92%
622018-2019AS RomaLiverpoolAlisson
86%
602016-2017ChelseaShanghai SIPGOscar
84%
802020-2021BarcelonaJuventusArthur Melo
68%
602023-2024Zenit S-PbAl-HilalMalcom
59%

Score Distribution

Percentile by Number Answered

Percent of People with Each Score

Your Score History

You have not taken this quiz